[Event "Open NK"]
[Site "Dieren NED"]
[Date "2011.07.25"]
[Round "6"]
[White "Vovk, Yuri"]
[Black "Neverov, Valeriy"]
[Result "1-0"]
[WhiteTitle "GM"]
[BlackTitle "GM"]
[WhiteElo "2564"]
[BlackElo "2500"]
[WhiteFideId "14113171"]
[BlackFideId "14100150"]
[EventDate "2011.07.19"]

1. d4 d5 2. c4 e6 3. Nf3 Nf6 4. Bg5 h6 5. Bxf6 Qxf6 6. Nc3 c6 7. Qb3 dxc4 8.
Qxc4 Nd7 9. g3 g6 10. Bg2 Bg7 11. O-O O-O 12. a4 e5 13. e3 exd4 14. exd4 Nb6 15.
Qb4 Re8 16. Rfe1 Be6 17. a5 Bf8 18. Ne4 Qd8 19. Nc5 Nd7 20. Qxb7 Nxc5 21. dxc5
Bxc5 22. Qxc6 Rc8 23. Qa4 Rb8 24. Re2 Rb4 25. Qc2 Rc4 26. Qd1 Qxd1+ 27. Rxd1 Rb8
28. Ne5 Rcb4 29. Bd5 Rxb2 30. Rxb2 Rxb2 31. Nd3 Rb5 32. Bxe6 fxe6 33. Nxc5 Rxc5
34. Rd8+ Kf7 35. Rd7+ Kf6 36. Rxa7 Rc2 37. a6 Ra2 38. Kg2 h5 39. h4 Ra3 40. f3
Ra2+ 41. Kf1 Ra1+ 42. Ke2 Ra2+ 43. Kd3 Ra3+ 44. Kc4 Rxf3 45. Ra8 Ra3 46. Kb5
Rb3+ 47. Ka4 Rb1 48. Rf8+ Ke7 49. Rf3 Rb8 50. Ka5 e5 51. a7 Rd8 52. Rb3 Rd1 53.
Ka4 1-0

[Event "Open NK"]
[Site "Dieren NED"]
[Date "2011.07.25"]
[Round "6"]
[White "Vishnu Prasanna. V"]
[Black "Georgiev, Vladimir"]
[Result "0-1"]
[WhiteTitle "IM"]
[BlackTitle "GM"]
[WhiteElo "2340"]
[BlackElo "2559"]
[WhiteFideId "5030692"]
[BlackFideId "2903024"]
[EventDate "2011.07.19"]

1. e4 e5 2. Nf3 Nc6 3. Bb5 a6 4. Ba4 Nge7 5. Bb3 Ng6 6. O-O d6 7. d4 Bg4 8. h3
Bxf3 9. Qxf3 Qf6 10. Qxf6 gxf6 11. dxe5 fxe5 12. Nc3 Nd4 13. Nd5 Nxb3 14. axb3
Rc8 15. Bg5 Bg7 16. Rad1 Rg8 17. Kh2 Kd7 18. g3 Rce8 19. Rd3 h6 20. Bf6 Re6 21.
Bxg7 Rxg7 22. f4 exf4 23. gxf4 f5 24. Rg3 Rf7 25. exf5 Re2+ 26. Kg1 Nh4 27. Rf2
Re1+ 28. Kh2 Nxf5 29. Rg6 Kc6 30. Rf6 Rxf6 31. Nxf6 Re6 32. Nh5 Re3 33. c3 a5
34. Rg2 b5 35. Ng3 Nxg3 36. Rxg3 Re4 37. Rg4 h5 38. Rh4 Re2+ 39. Kg3 Rxb2 40. f5
Rxb3 41. Rxh5 b4 42. Kf2 bxc3 43. Ke2 c2 44. Kd2 Rc3 45. Kc1 Rc5 46. Rg5 a4 47.
Rg4 Rxf5 48. Rxa4 Rf2 49. h4 Rh2 50. Rg4 d5 51. Rg7 Rxh4 52. Kxc2 Rh3 0-1

[Event "Open NK"]
[Site "Dieren NED"]
[Date "2011.07.25"]
[Round "6"]
[White "Turova, Irina"]
[Black "Nijboer, Friso"]
[Result "0-1"]
[WhiteTitle "IM"]
[BlackTitle "GM"]
[WhiteElo "2413"]
[BlackElo "2546"]
[WhiteFideId "4120876"]
[BlackFideId "1000063"]
[EventDate "2011.07.19"]

1. d4 d6 2. c4 e5 3. Nf3 e4 4. Ng5 f5 5. Nc3 Be7 6. Nh3 Nf6 7. g3 c6 8. d5 Nbd7
9. Bg2 Nb6 10. dxc6 bxc6 11. b3 d5 12. cxd5 cxd5 13. O-O O-O 14. Be3 Qd7 15. a4
Rb8 16. a5 Na8 17. Nf4 Rd8 18. Bd4 Ba6 19. h4 Rb7 20. Ra2 Nc7 21. Rd2 Nfe8 22.
Na2 Nb5 23. Bh3 Nxd4 24. Rxd4 Nf6 25. Qc2 Rc7 26. Qb2 Bc5 27. Rdd1 Qc8 28. b4
Bf8 29. Qe5 Re7 30. Qxf5 Qc4 31. Ne6 Bc8 32. Rc1 Qxa2 33. Rxc8 Rxc8 34. Nxg7
Kxg7 35. Qg5+ Kf7 36. Bxc8 Qxe2 37. Rc1 e3 38. fxe3 Qxe3+ 39. Kg2 Bh6 40. Qxe3
Bxe3 0-1

[Event "Open NK"]
[Site "Dieren NED"]
[Date "2011.07.25"]
[Round "6"]
[White "L'Ami, Alina"]
[Black "Lenderman, Aleksandr"]
[Result "0-1"]
[WhiteTitle "WGM"]
[BlackTitle "GM"]
[WhiteElo "2312"]
[BlackElo "2525"]
[WhiteFideId "1210246"]
[BlackFideId "2021285"]
[EventDate "2011.07.19"]

1. d4 g6 2. c4 Bg7 3. Nc3 d6 4. e4 e5 5. d5 a5 6. Bd3 Na6 7. Nge2 Bd7 8. O-O Nh6
9. h3 O-O 10. Be3 f5 11. f4 exf4 12. Nxf4 Qe7 13. Qd2 Nb4 14. Bb1 fxe4 15. a3
Na6 16. Nxe4 Nf5 17. Ne6 Nxe3 18. Rxf8+ Bxf8 19. Qxe3 Bxe6 20. dxe6 Qxe6 21. Bc2
Nc5 22. Qf3 Nxe4 23. Bxe4 c6 24. Re1 Qxc4 25. h4 d5 26. Bd3 Bc5+ 0-1

[Event "Open NK"]
[Site "Dieren NED"]
[Date "2011.07.25"]
[Round "6"]
[White "Milov, Leonid"]
[Black "Hendriks, Willy"]
[Result "1-0"]
[WhiteTitle "IM"]
[BlackTitle "IM"]
[WhiteElo "2515"]
[BlackElo "2415"]
[WhiteFideId "14101068"]
[BlackFideId "1000713"]
[EventDate "2011.07.19"]

1. e4 d6 2. d4 Nf6 3. Nc3 g6 4. f4 Bg7 5. Nf3 O-O 6. e5 dxe5 7. fxe5 Nd5 8. Bc4
Be6 9. Nxd5 Bxd5 10. Bxd5 Qxd5 11. Qe2 f6 12. c4 Qa5+ 13. Bd2 Qb6 14. Bc3 Nc6
15. e6 Rad8 16. O-O-O Nb4 17. Kb1 f5 18. Ne5 a5 19. Nd7 Qd6 20. Nxf8 Rxf8 21. a3
Na6 22. h4 h5 23. Qf3 Qxe6 24. d5 Qe4+ 25. Qxe4 fxe4 26. Bxg7 Kxg7 27. Rhf1 Rf5
28. Rfe1 Rf4 29. g3 Rg4 30. Rd4 Nc5 31. b4 Nb3 32. Rdd1 a4 33. Kb2 Kf6 34. Rf1+
Ke5 35. Rf7 Rxg3 36. Rxe7+ Kf4 37. c5 b5 38. cxb6 cxb6 39. d6 b5 40. Rc7 Rg2+
41. Rc2 1-0

[Event "Open NK"]
[Site "Dieren NED"]
[Date "2011.07.25"]
[Round "6"]
[White "Brown, Andrew"]
[Black "Vovk, Andrey"]
[Result "0-1"]
[WhiteTitle "IM"]
[BlackTitle "GM"]
[WhiteElo "2202"]
[BlackElo "2551"]
[WhiteFideId "3206513"]
[BlackFideId "14114470"]
[EventDate "2011.07.19"]

1. d4 Nf6 2. c4 g6 3. Nc3 Bg7 4. e4 d6 5. f4 O-O 6. Nf3 c5 7. d5 e6 8. Be2 exd5
9. cxd5 Bg4 10. O-O Nbd7 11. Nd2 Bxe2 12. Qxe2 Re8 13. Qf3 Rc8 14. Nc4 Nb6 15.
Na5 Qe7 16. Re1 Nbxd5 17. e5 Nxc3 18. bxc3 dxe5 19. fxe5 Nd7 20. e6 Ne5 21.
exf7+ Qxf7 22. Qxf7+ Nxf7 23. Rxe8+ Rxe8 24. Bd2 Rd8 25. Be1 b6 26. Nc6 Rd7 27.
a4 Rc7 28. Nb8 Rc8 29. Na6 Ne5 30. Rd1 Kf7 31. Bh4 Ke6 32. Bd8 Nc6 33. Bc7 Be5
34. Re1 Kd5 35. Bxe5 Nxe5 36. h3 Kd6 37. Re4 Re8 38. c4 Kc6 39. Rh4 Re7 40. a5
Kb7 0-1

[Event "Open NK"]
[Site "Dieren NED"]
[Date "2011.07.25"]
[Round "6"]
[White "Ikeda, Junta"]
[Black "Brandenburg, Daan"]
[Result "0-1"]
[WhiteTitle "FM"]
[BlackTitle "GM"]
[WhiteElo "2349"]
[BlackElo "2538"]
[WhiteFideId "3204731"]
[BlackFideId "1011014"]
[EventDate "2011.07.19"]

1. Nf3 Nf6 2. g3 g6 3. b3 Bg7 4. Bb2 O-O 5. Bg2 d6 6. O-O e5 7. c4 Re8 8. Nc3 c6
9. Rc1 a5 10. e3 Na6 11. d3 Bf5 12. Qd2 Nb4 13. e4 Bg4 14. h3 Bxf3 15. Bxf3 h5
16. Rcd1 h4 17. Bc1 Nd7 18. Bg4 Nc5 19. Qe2 Rf8 20. Bf3 f5 21. exf5 gxf5 22. Bg2
Qf6 23. Qh5 hxg3 24. fxg3 Qf7 25. Qh4 Qg6 26. d4 exd4 27. Ne2 Nxa2 28. Nf4 Qh6
29. Bb2 Qxh4 30. gxh4 Nc3 31. Rde1 Rae8 32. Ba3 Bh6 33. Rxe8 Rxe8 34. Nh5 Re5
35. b4 N5e4 36. bxa5 Rxa5 37. Bxe4 Nxe4 38. Bb4 Ra4 0-1

[Event "Open NK"]
[Site "Dieren NED"]
[Date "2011.07.25"]
[Round "6"]
[White "Petrov, Marijan"]
[Black "Arnaudov, G. Petar"]
[Result "1/2-1/2"]
[WhiteTitle "GM"]
[BlackTitle "IM"]
[WhiteElo "2534"]
[BlackElo "2439"]
[WhiteFideId "2901773"]
[BlackFideId "2907127"]
[EventDate "2011.07.19"]

1. e4 e5 2. Nf3 Nc6 3. Bb5 a6 4. Ba4 Nge7 5. c4 g6 6. d4 exd4 7. Nxd4 Bg7 8.
Nxc6 Nxc6 9. O-O O-O 10. Nc3 d6 11. Be3 Ne5 12. Bb3 Be6 13. c5 Nc4 14. Bxc4 Bxc4
15. Re1 dxc5 16. Bxc5 Qxd1 1/2-1/2

[Event "Open NK"]
[Site "Dieren NED"]
[Date "2011.07.25"]
[Round "6"]
[White "Odendahl, Reiner"]
[Black "Ly, Moulthun"]
[Result "1/2-1/2"]
[WhiteTitle "FM"]
[BlackTitle "FM"]
[WhiteElo "2375"]
[BlackElo "2369"]
[WhiteFideId "4613570"]
[BlackFideId "3204405"]
[EventDate "2011.07.19"]

1. c4 Nf6 2. Nc3 g6 3. Nf3 Bg7 4. g3 O-O 5. Bg2 c6 6. d4 d5 7. cxd5 cxd5 8. Ne5
e6 9. O-O Nfd7 10. f4 Nc6 11. Be3 Nb6 12. Bf2 f6 13. Nd3 Nc4 14. Rc1 Ne7 15. e4
dxe4 16. Nxe4 Na5 17. Nb4 Nd5 18. Nxd5 exd5 19. Nc5 Qd6 20. Re1 Rd8 21. b3 b6
22. Na4 Be6 23. Nc3 Bf7 24. Nb5 Qd7 25. Qd3 Nc6 26. Bf1 Rac8 27. Qd2 Bf8 28. Qb2
a6 29. Nc3 b5 30. a4 Na7 31. axb5 Nxb5 32. Nxb5 axb5 33. Rxc8 Rxc8 34. Rc1 b4
35. Bd3 Ra8 36. Qc2 Ra3 37. f5 g5 38. Be2 Qa7 39. Bf3 Ra2 40. Qc6 Rxf2 41. Kxf2
Qxd4+ 42. Kf1 Qe5 43. Kg2 h5 44. Qc2 g4 45. Be2 Bh6 46. Rd1 d4 47. Bc4 Bd5+ 48.
Kf1 Kh7 49. Re1 Be3 50. Rxe3 dxe3 51. Bxd5 Qxd5 52. Qc7+ Kh6 53. Qf4+ Kg7 54.
Qc7+ Kh6 55. Qf4+ Kg7 56. Qc7+ Kf8 57. Qb8+ Kf7 58. Qa7+ Kf8 59. Qb8+ Ke7 60.
Qa7+ Kd6 61. Qb8+ Kd7 62. Qa7+ Kc8 63. Qa6+ Kc7 64. Qa7+ 1/2-1/2

[Event "Open NK"]
[Site "Dieren NED"]
[Date "2011.07.25"]
[Round "6"]
[White "Kuipers, Stefan"]
[Black "Kampman, Tijmen"]
[Result "1-0"]
[WhiteTitle "FM"]
[WhiteElo "2365"]
[BlackElo "2111"]
[WhiteFideId "1018400"]
[BlackFideId "1009079"]
[EventDate "2011.07.19"]

1. e4 e6 2. d4 d5 3. Nc3 Nc6 4. Nf3 Nf6 5. e5 Nd7 6. a3 f6 7. exf6 Qxf6 8. Bd3
Bd6 9. Bg5 Qf7 10. Bh4 h6 11. Bg3 O-O 12. Qe2 e5 13. Nxd5 Re8 14. Nxc7 Bxc7 15.
Bc4 Re6 16. d5 Nb6 17. dxe6 Qe7 18. Bb3 Bxe6 19. Bxe6+ Qxe6 20. O-O Rf8 21. Rfe1
Nd5 22. Qc4 Na5 23. Qa2 b5 24. Nxe5 1-0

[Event "Open NK"]
[Site "Dieren NED"]
[Date "2011.07.25"]
[Round "6"]
[White "Beukema, Stefan"]
[Black "Sowray, Peter J"]
[Result "1-0"]
[BlackTitle "FM"]
[WhiteElo "2209"]
[BlackElo "2350"]
[WhiteFideId "1024523"]
[BlackFideId "400971"]
[EventDate "2011.07.19"]

1. e4 c5 2. Nf3 e6 3. d4 cxd4 4. Nxd4 Nc6 5. Nb5 d6 6. Bf4 e5 7. Be3 Nf6 8. Bg5
a6 9. Bxf6 gxf6 10. N5c3 f5 11. Qh5 Bg7 12. Bc4 O-O 13. exf5 Nb4 14. O-O d5 15.
Bb3 d4 16. Ne4 Nd5 17. Bxd5 Qxd5 18. Nbd2 Qc6 19. f4 exf4 20. Rxf4 Qh6 21. Qg4
Kh8 22. Rf3 Be5 23. Rh3 Qf4 24. Qh5 Qxf5 25. Ng5 Bg7 26. Nxh7 Qxh5 27. Rxh5 Rd8
28. Nf6+ Bh6 29. Rxh6+ Kg7 30. Rh7+ Kxf6 31. Rf1+ Ke6 32. Rhxf7 Bd7 33. Nc4 Be8
34. R1f6+ Kd5 35. Nb6+ Ke4 36. Re7# 1-0

[Event "Open NK"]
[Site "Dieren NED"]
[Date "2011.07.25"]
[Round "6"]
[White "Timmermans, Mark"]
[Black "Goudriaan, Etienne"]
[Result "1/2-1/2"]
[BlackTitle "FM"]
[WhiteElo "2183"]
[BlackElo "2283"]
[WhiteFideId "1026399"]
[BlackFideId "1021150"]
[EventDate "2011.07.19"]

1. e4 c5 2. Nf3 d6 3. d4 cxd4 4. Nxd4 Nf6 5. Nc3 a6 6. Be3 e5 7. Nb3 Be6 8. f3
h5 9. Qd2 Nbd7 10. Nd5 Bxd5 11. exd5 g6 12. O-O-O Bg7 13. Kb1 O-O 14. c4 b6 15.
Be2 Nc5 16. g4 e4 17. gxh5 Nxh5 18. Nxc5 bxc5 19. fxe4 Rb8 20. e5 Bxe5 21. b3
Bg7 22. Kc2 Qh4 23. Bxh5 Qxh5 24. Rde1 Qf5+ 25. Qd3 Qe5 26. Rb1 Rfe8 27. Bd2 Qh5
28. Rbf1 Rb7 29. Rf2 Rbe7 30. Rhf1 Re2 31. Kc1 Bh6 32. Bxh6 Qxh6+ 33. Kd1 R2e3
34. Qd2 R8e4 35. Kc2 f5 36. Rg1 Qh5 37. Rgg2 Kf7 38. Kb2 Qh8+ 39. Ka3 Qa1 40.
Rg3 Rxg3 41. hxg3 Qd4 42. Qc2 Kf6 43. Rf3 Re3 44. Rxe3 Qxe3 45. Qb2+ Qd4 46. Qh2
Kg7 47. Qh3 Qc3 48. Qh4 Qb4+ 49. Kb2 Qd2+ 50. Ka3 g5 51. Qh5 Qe3 52. g4 fxg4 53.
Qxg4 Qf4 54. Qh5 Kf6 55. Qe8 g4 56. Qe6+ Kg5 57. Qe7+ Qf6 58. Qe3+ Kh4 59. Qe4
Kh5 60. Qe8+ Qg6 61. Qe2 Qf6 62. Qe8+ Kg5 1/2-1/2

[Event "Open NK"]
[Site "Dieren NED"]
[Date "2011.07.25"]
[Round "6"]
[White "Van der Linden, Lucas"]
[Black "Oudshoorn, Arres"]
[Result "1-0"]
[WhiteElo "2275"]
[BlackElo "2007"]
[WhiteFideId "1008722"]
[BlackFideId "1036203"]
[EventDate "2011.07.19"]

1. d4 Nf6 2. c4 g6 3. Nc3 Bg7 4. e4 d6 5. f3 O-O 6. Nge2 c6 7. Be3 e5 8. Qd2 Be6
9. d5 cxd5 10. cxd5 Bd7 11. g4 h5 12. h3 Kh7 13. Bg5 b5 14. gxh5 gxh5 15. h4 Rh8
16. Ng3 Kg8 17. Bxb5 Bc8 18. O-O-O Qa5 19. Rhg1 Kf8 20. Bc6 Nxc6 21. dxc6 Ne8
22. Nf5 Bxf5 23. exf5 f6 24. Be3 Rc8 25. Kb1 Rxc6 26. Rc1 Rc7 27. Rc2 Rd7 28.
Qf2 Bh6 29. Ne4 Bxe3 30. Qxe3 Qd8 31. Rg6 Rg7 32. Rxg7 Nxg7 33. Qxa7 Nxf5 34.
Nxf6 Ne7 35. Qe3 Kf7 36. Ne4 Qd7 37. Qg5 Qe6 38. Rc7 d5 39. Nc3 Kf8 40. Nxd5
Qf5+ 41. Qxf5+ Nxf5 42. Rc8+ Kg7 43. Rxh8 Kxh8 44. a4 Nxh4 45. a5 1-0

[Event "Open NK"]
[Site "Dieren NED"]
[Date "2011.07.25"]
[Round "6"]
[White "Lommers, Frank"]
[Black "Mostertman, Milan"]
[Result "1-0"]
[WhiteElo "2176"]
[BlackElo "2232"]
[WhiteFideId "1010107"]
[BlackFideId "1025848"]
[EventDate "2011.07.19"]

1. c4 Nf6 2. g3 e6 3. Bg2 d5 4. Nf3 Be7 5. O-O O-O 6. b3 d4 7. Bb2 c5 8. e3 Nc6
9. exd4 cxd4 10. Re1 Qd7 11. a3 a5 12. d3 Bd6 13. Nbd2 e5 14. Qc2 Qc7 15. Re2
Bg4 16. h3 Bh5 17. g4 Bg6 18. c5 Be7 19. Qc4 Nd7 20. Nxd4 exd4 21. Bxc6 Ne5 22.
Qxd4 Bf6 23. Qf4 Qxc6 24. Bxe5 Bxd3 25. Re3 Bxe5 26. Rxe5 Rad8 27. b4 Qc7 28.
Qe3 Bg6 29. Re7 Qc6 30. Ne4 axb4 31. axb4 Ra8 32. Re1 Ra4 33. Qb3 Qb5 34. Nd6
Qxb4 35. Re8 Be4 36. Qxf7+ 1-0

[Event "Open NK"]
[Site "Dieren NED"]
[Date "2011.07.25"]
[Round "6"]
[White "Smagin, Nikita"]
[Black "Wilgenhof, Otto"]
[Result "0-1"]
[WhiteElo "1977"]
[BlackElo "2210"]
[WhiteFideId "24149039"]
[BlackFideId "1002589"]
[EventDate "2011.07.19"]

1. e4 e6 2. Nc3 d5 3. Nf3 Nf6 4. e5 Nfd7 5. d4 c5 6. dxc5 Nc6 7. Bf4 Bxc5 8. Bd3
f6 9. exf6 Nxf6 10. O-O O-O 11. Qe2 Qe8 12. Rad1 Nh5 13. Bg3 Bd7 14. Ne5 Nxg3
15. hxg3 Nxe5 16. Qxe5 Qf7 17. Rd2 Qf6 18. Qxf6 Rxf6 19. Be2 Bc6 20. Bf3 Raf8
21. Nd1 g5 22. c4 Rxf3 23. gxf3 dxc4 24. Rc2 Rxf3 25. Rc3 Rf6 26. Ne3 Rh6 27.
Ng2 b5 28. Rd1 Bd5 29. a3 Kf7 30. g4 Bb6 31. Rg3 a5 32. Rc1 Bd4 33. Rc2 b4 34.
axb4 axb4 35. Re2 e5 36. Rd2 Ke6 37. Kf1 c3 38. bxc3 bxc3 39. Rc2 Rh1+ 40. Ke2
Bc4+ 41. Kf3 Bd3 42. Ne3 Rh2 43. Rg1 e4+ 0-1

[Event "Open NK"]
[Site "Dieren NED"]
[Date "2011.07.25"]
[Round "6"]
[White "Bus, Tom"]
[Black "Von Meijenfeldt, Bart"]
[Result "1-0"]
[WhiteElo "2237"]
[BlackElo "2154"]
[WhiteFideId "1014374"]
[BlackFideId "1032259"]
[EventDate "2011.07.19"]

1. c4 Nf6 2. g3 g6 3. Bg2 Bg7 4. Nc3 O-O 5. d3 d6 6. Rb1 c5 7. Nf3 Nc6 8. O-O
Bd7 9. a3 a6 10. b4 cxb4 11. axb4 b5 12. cxb5 axb5 13. Nxb5 Qb6 14. Nc3 Nxb4 15.
Bg5 Bc6 16. Qd2 Rfb8 17. Rfc1 Ng4 18. Nd1 Bd5 19. e4 Ba2 20. Rxb4 Qxb4 21. Rc8+
Rxc8 22. Qxb4 Rcb8 23. Qd2 Bb3 24. Ne3 Ra2 25. Nxg4 Rxd2 26. Bxd2 Bd1 27. Ne3
Be2 28. Ne1 Rb2 29. Nc4 Rb3 30. Bf1 Bxf1 31. Kxf1 Bc3 32. Bxc3 Rxc3 33. Ke2 Rb3
34. Kd2 Rb5 35. Nc2 Rh5 36. h4 d5 37. N4e3 dxe4 38. dxe4 Ra5 39. Kd3 Ra6 40. g4
Rd6+ 41. Ke2 Kg7 42. e5 Ra6 43. Kf3 f6 44. Ke4 Kf7 45. Nd4 fxe5 46. Kxe5 Ra2 47.
f4 Rh2 48. Nf3 Rh1 49. f5 Kg7 50. Kf4 Kf7 51. Kg5 Kg7 52. fxg6 hxg6 53. Nd5 Kf7
54. Nf4 1-0

[Event "Open NK"]
[Site "Dieren NED"]
[Date "2011.07.25"]
[Round "6"]
[White "Vogel, Jaap"]
[Black "Van Mierlo, Guido"]
[Result "1-0"]
[WhiteTitle "FM"]
[WhiteElo "2221"]
[BlackElo "2097"]
[WhiteFideId "1000764"]
[BlackFideId "1032453"]
[EventDate "2011.07.19"]

1. d4 Nf6 2. Nf3 g6 3. g3 Bg7 4. Bg2 O-O 5. O-O d6 6. c4 Nbd7 7. Nc3 c6 8. e4
Qc7 9. h3 e5 10. Be3 Re8 11. d5 c5 12. Nd2 a6 13. a4 Rb8 14. Qe2 Nf8 15. a5 Bd7
16. Na4 Bxa4 17. Rxa4 Qd7 18. Rfa1 Nh5 19. b4 f5 20. exf5 Nf4 21. Qf1 gxf5 22.
bxc5 Nxg2 23. Qxg2 f4 24. gxf4 exf4 25. Bxf4 Ng6 26. Bxd6 Bxa1 27. Rxa1 Rbd8 28.
Rb1 Qf7 29. Nf3 Rd7 30. Qg4 Kh8 31. Bg3 h6 32. Rb6 Kh7 33. Rxg6 Rde7 34. Ng5+
hxg5 35. Qh5# 1-0

[Event "Open NK"]
[Site "Dieren NED"]
[Date "2011.07.25"]
[Round "6"]
[White "Vos, Tjark"]
[Black "Wroblowski, Oliver"]
[Result "1-0"]
[WhiteElo "1842"]
[BlackElo "2191"]
[WhiteFideId "1020870"]
[BlackFideId "24698679"]
[EventDate "2011.07.19"]

1. e4 c5 2. Nf3 d6 3. d4 cxd4 4. Nxd4 Nf6 5. Nc3 Nc6 6. Bg5 Bd7 7. Be2 Qb6 8.
Nb3 Rc8 9. O-O h6 10. Bxf6 gxf6 11. Kh1 Ne5 12. Nd5 Qd8 13. f4 e6 14. fxe5 exd5
15. exf6 dxe4 16. Bh5 Be6 17. Nd4 Kd7 18. c3 Qa5 19. Bg4 h5 20. Bxe6+ fxe6 21.
Qb3 d5 22. Qxb7+ Rc7 23. Qb3 e5 24. Nb5 Rc4 25. Rad1 Kc6 26. f7 Qa4 27. Rf6+ Kc5
28. Nc7 d4 29. Na6+ Kd5 30. Qb7+ Rc6 31. Qd7+ Bd6 32. Rxd6+ Rxd6 33. Qxa4 d3 34.
Nc7+ 1-0

[Event "Open NK"]
[Site "Dieren NED"]
[Date "2011.07.25"]
[Round "6"]
[White "Offringa, Joost"]
[Black "Zwirs, Nico"]
[Result "0-1"]
[WhiteElo "2085"]
[BlackElo "2125"]
[WhiteFideId "1025880"]
[BlackFideId "1036432"]
[EventDate "2011.07.19"]

1. d4 Nf6 2. h3 c5 3. dxc5 Qa5+ 4. c3 Qxc5 5. g4 g6 6. Bg2 Bg7 7. Be3 Qc7 8. Qd2
Nc6 9. Na3 d6 10. Nf3 Bd7 11. Nd4 a6 12. Rc1 O-O 13. Bh6 Rac8 14. Bxg7 Kxg7 15.
Nac2 e5 16. Nf5+ Bxf5 17. gxf5 Ne7 18. Ne3 Nh5 19. Nd5 Nxd5 20. Bxd5 Qe7 21. Bf3
Nf6 22. fxg6 hxg6 23. Kd1 Qe6 24. b3 b5 25. e4 Rh8 26. Kc2 b4 27. c4 d5 28. Kb2
dxc4 29. Qxb4 cxb3 30. axb3 Rxc1 31. Rxc1 Rxh3 32. Rc3 Qd7 33. Qc5 Qd2+ 34. Ka3
Qf4 35. Qe3 Nxe4 0-1

[Event "Open NK"]
[Site "Dieren NED"]
[Date "2011.07.25"]
[Round "6"]
[White "Kollen, Zyon"]
[Black "Beerdsen, Thomas"]
[Result "1-0"]
[WhiteElo "2118"]
[BlackElo "2009"]
[WhiteFideId "1024256"]
[BlackFideId "1030108"]
[EventDate "2011.07.19"]

1. e4 c5 2. Nf3 d6 3. d4 cxd4 4. Nxd4 Nf6 5. Nc3 a6 6. Be3 Ng4 7. Bg5 h6 8. Bh4
g5 9. Bg3 Bg7 10. h3 Ne5 11. Nf5 Bxf5 12. exf5 Nbc6 13. Nd5 e6 14. fxe6 fxe6 15.
Ne3 O-O 16. Be2 Rc8 17. O-O d5 18. Re1 Qb6 19. Rb1 Nd4 20. c3 Nf5 21. Nxf5 Rxf5
22. Bd3 Nxd3 23. Qxd3 Rcf8 24. Qe3 Qxe3 25. fxe3 Be5 26. Bxe5 Rxe5 27. Re2 Re4
28. Rd1 Rf5 29. Rd4 Rfe5 30. Kf2 Kf7 31. Rxe4 Rxe4 32. Rd2 Kf6 33. Rd4 Ke5 34.
Kf3 h5 35. Rxe4+ dxe4+ 36. Ke2 Kd5 37. Kd2 a5 38. a4 Kc4 39. Kc2 b6 40. b3+ Kd5
41. g4 hxg4 42. hxg4 Kc5 43. Kb2 Kd5 44. Ka3 Kc5 45. c4 e5 46. Ka2 Kd6 47. Kb2
Kc5 48. Kc3 Kd6 49. b4 Kc6 50. c5 b5 51. bxa5 Kxc5 52. a6 1-0

[Event "Open NK"]
[Site "Dieren NED"]
[Date "2011.07.25"]
[Round "6"]
[White "Swinkels, Maurice"]
[Black "Bakker, Guido"]
[Result "1-0"]
[WhiteElo "2102"]
[BlackElo "2088"]
[WhiteFideId "1026305"]
[BlackFideId "1027875"]
[EventDate "2011.07.19"]

1. e4 c5 2. Nf3 g6 3. d4 cxd4 4. Nxd4 Nf6 5. Nc3 Bg7 6. e5 Ng8 7. f4 Nc6 8. Bc4
Nxd4 9. Qxd4 Nh6 10. Bd2 O-O 11. O-O-O e6 12. Qc5 f6 13. Ne4 b6 14. Qd6 Nf7 15.
Qa3 fxe5 16. Nd6 Nxd6 17. Qxd6 Bb7 18. fxe5 Rc8 19. Bb3 Rc5 20. Rde1 Rf5 21.
Bxe6+ Kh8 22. Bxf5 Rd5 23. Qb4 gxf5 24. Rhf1 a5 25. Qf4 b5 26. Qxf5 Qc7 27. Qf7
h6 28. Qg6 Rxd2 29. Kxd2 Bd5 30. Re3 Qc5 31. c3 Bc4 32. Rg3 Qxe5 33. Qxg7+ Qxg7
34. Rxg7 Kxg7 35. Rf5 Kg6 36. Rc5 d6 37. Rxc4 bxc4 38. Ke3 Kg5 39. Kf3 h5 40. g3
Kf5 41. h3 a4 42. a3 d5 43. g4+ hxg4+ 44. hxg4+ Ke5 45. Ke3 1-0

[Event "Open NK"]
[Site "Dieren NED"]
[Date "2011.07.25"]
[Round "6"]
[White "Hoogland, Dirk"]
[Black "Vosselman, Jan"]
[Result "1-0"]
[WhiteTitle "CM"]
[WhiteElo "2181"]
[BlackElo "2112"]
[WhiteFideId "1012533"]
[BlackFideId "1002422"]
[EventDate "2011.07.19"]

1. e4 e5 2. Nf3 Nc6 3. d4 exd4 4. Bc4 Nf6 5. e5 d5 6. Bb5 Ne4 7. Nxd4 Bc5 8. O-O
Bd7 9. Bxc6 Bxc6 10. f3 Ng5 11. f4 Ne4 12. Be3 O-O 13. Nd2 f5 14. Nxe4 dxe4 15.
Nxf5 Rxf5 16. Bxc5 Qe8 17. Be3 Rd8 18. Qg4 Qe6 19. Qh4 Rdf8 20. g4 R5f7 21. Qg3
Qc4 22. f5 Qxc2 23. e6 Rf6 24. Rf2 Qd3 25. Rd2 Qc4 26. Rad1 Bb5 27. Qe5 g6 28.
e7 1-0

[Event "Open NK"]
[Site "Dieren NED"]
[Date "2011.07.25"]
[Round "6"]
[White "Merza, Morris"]
[Black "Maatman, Nick"]
[Result "0-1"]
[WhiteElo "2145"]
[BlackElo "1994"]
[WhiteFideId "1027140"]
[BlackFideId "1040391"]
[EventDate "2011.07.19"]

1. e4 e6 2. Nf3 d5 3. e5 c5 4. b4 d4 5. c3 Nc6 6. b5 Na5 7. cxd4 cxd4 8. Qa4 Bc5
9. Bb2 d3 10. Nc3 f5 11. exf6 Nxf6 12. Ne4 Bb6 13. Nxf6+ gxf6 14. Qe4 e5 15.
Bxd3 Be6 16. O-O Qd5 17. Qh4 O-O-O 18. Qxf6 Rhf8 19. Rac1+ Nc6 20. Qxe5 Rxf3 21.
Be4 Rxf2 22. Rxf2 Bxf2+ 23. Kf1 Qc4+ 24. Rxc4 Bxc4+ 25. Kxf2 Nxe5 26. Bxe5 Rxd2+
27. Kg3 Bxb5 28. a3 Bc6 29. Bf5+ Kd8 30. Bxh7 Rxg2+ 31. Kh4 Ke7 32. Kh5 Ke6 33.
Bf4 Bf3+ 34. Kh6 b5 35. h4 a5 36. h5 b4 37. axb4 axb4 38. Bg5 Rh2 39. Bg6 b3 40.
Bf4 Rh1 0-1

[Event "Open NK"]
[Site "Dieren NED"]
[Date "2011.07.25"]
[Round "6"]
[White "Vereggen, Lars"]
[Black "Van Meegen, Ruud"]
[Result "1-0"]
[WhiteElo "2036"]
[BlackElo "1947"]
[WhiteFideId "1029258"]
[BlackFideId "1034995"]
[EventDate "2011.07.19"]

1. d4 Nf6 2. Nf3 g6 3. g3 Bg7 4. Bg2 O-O 5. O-O d6 6. c4 Nc6 7. Nc3 a6 8. h3 Rb8
9. d5 Na5 10. b3 b5 11. Qd3 b4 12. Nd1 Bf5 13. Qe3 Nxd5 14. cxd5 Bxa1 15. Nd4
Bd7 16. Nb2 f6 17. Nd3 Rf7 18. Ne6 Qc8 19. Ndf4 Be5 20. h4 Nb7 21. Nd3 Nd8 22.
Ndf4 c5 23. Kh1 Nxe6 24. dxe6 Bxe6 25. Nxe6 Qxe6 26. f4 Rbf8 27. fxe5 fxe5 28.
Rd1 Qg4 29. Qd3 Rf2 30. Bh6 Re8 31. Rd2 Rd8 32. Qd5+ e6 33. Qd3 Rf7 34. Kh2 Qf5
35. Qxa6 Rfd7 36. Bg5 Rc8 37. Rxd6 Rdc7 38. Rxe6 c4 39. Rf6 Qg4 40. Rxg6+ 1-0